01093nam a2200265 a 450000100060000000300080000600500170001400800410003102000150007203500190008704000370010604100080014308200250015110000270017624501010020326001370030430000250044150400640046665000480053065100390057883000360061794200120065399900170066595201450068269779BD-RjUL20211209081926.0170413s2001 at b 001 0 eng d a1876843039 a(BD-RjUL)69991 aANLbengcDLCdANLdDLCdBD-RjUL aeng00223a952.04bCLJ 20011 aClammer, J. R.920668010aJapan and its others :bglobalization, difference and the critique of modernity /cJohn Clammer. aMelbourne :bTrans Pacific Press ;aPortland, Or. :bDistributed in North America by International Specialized Book Services,c2001. aix, 272 p. ;c22 cm. aIncludes bibliographical references (p. 244-265) and index. 0aNational characteristics, Japanese.9140524 0aJapanxCivilizationy1945-9206682 aJapanese society series9206681 2ddccBK c69779d69779 00102ddc40718NFICaRUCLbRUCLcReadingd2004-05-27eJapan Foundationg0.00l0o952.04 CLJ 2001r2017-04-13 00:00:00tC-1w2017-04-13yBK